[Event "Bundesliga 1819"]
[Site "Germany"]
[Date "2018.12.15"]
[Round "5.7"]
[White "Lipok, Christoph"]
[Black "Gustafsson, Jan"]
[Result "0-1"]
[WhiteElo "2287"]
[BlackElo "2641"]
[PlyCount "70"]
[EventDate "2018.11.10"]
[EventType "team-tourn"]
[EventRounds "15"]
[EventCountry "GER"]
[SourceTitle "CBM 187 Extra"]
[Source "ChessBase"]
[SourceDate "2018.11.04"]
[SourceVersion "1"]
[SourceVersionDate "2018.11.04"]
[SourceQuality "1"]
[WhiteTeam "Augsburg"]
[BlackTeam "Baden-Baden"]
[WhiteTeamCountry "GER"]
[BlackTeamCountry "GER"]

1. d4 d5 2. c4 e6 3. Nf3 Nf6 4. g3 Be7 5. Bg2 0-0 6. 0-0 dxc4 7. Qc2 b6 8. Bg5 Ba6 9. Nbd2 Nd5 10. Bxe7 Qxe7 11. Nxc4 c5 12. Rac1 Rc8 13. Nce5 f6 14. Nd3 Nd7 15. Qa4 Bxd3 16. exd3 Nf8 17. Rfe1 Qd6 18. Nd2 cxd4 19. Qxd4 Rxc1 20. Rxc1 Rd8 21. a3 Ne7 22. Qxd6 Rxd6 23. Rc7 Rxd3 24. Rxe7 Rxd2 25. Rxa7 Rxb2 26. Rb7 Ra2 27. Rxb6 Rxa3 28. Rb7 g5 29. Bf1 Rc3 30. Be2 Ng6 31. Bh5 Ne5 32. f4 gxf4 33. gxf4 Nd3 34. Bf7+ Kf8 35. f5 exf5 0-1

[Event "Bundesliga 1819"]
[Site "Germany"]
[Date "2018.11.10"]
[Round "1.2"]
[White "Beikert, Guenther"]
[Black "Lipok, Christoph"]
[Result "1-0"]
[WhiteElo "2403"]
[BlackElo "2287"]
[PlyCount "81"]
[EventDate "2018.11.10"]
[EventType "team-tourn"]
[EventRounds "15"]
[EventCountry "GER"]
[SourceTitle "CBM 187 Extra"]
[Source "ChessBase"]
[SourceDate "2018.11.04"]
[SourceVersion "1"]
[SourceVersionDate "2018.11.04"]
[SourceQuality "1"]
[WhiteTeam "Viernheim"]
[BlackTeam "Augsburg"]
[WhiteTeamCountry "GER"]
[BlackTeamCountry "GER"]

1. e4 e5 2. Nf3 Nc6 3. Bb5 a6 4. Bxc6 dxc6 5. 0-0 Bg4 6. h3 h5 7. d3 Qf6 8. Be3 Bxf3 9. Qxf3 Qxf3 10. gxf3 Bd6 11. Nd2 Ne7 12. Rfb1 g5 13. Kf1 f6 14. Ke2 Ng6 15. b4 Kd7 16. c4 Nf4+ 17. Bxf4 gxf4 18. c5 Be7 19. Nc4 Rad8 20. Rg1 Rhg8 21. Rac1 b6 22. cxb6 Rxg1 23. Rxg1 cxb6 24. Nxb6+ Ke6 25. Rc1 Bxb4 26. Rxc6+ Rd6 27. Rxd6+ Bxd6 28. Na4 Bb4 29. d4 exd4 30. Kd3 Ke5 31. Kc4 Ba3 32. Kb3 Bf8 33. Nb2 f5 34. Nd3+ Kf6 35. Nxf4 fxe4 36. fxe4 Bd6 37. Nxh5+ Kg5 38. Ng3 Bc5 39. Kc4 Ba7 40. Ne2 d3 41. f4+ 1-0

[Event "Bayern-chI Bank Hofmann 22nd"]
[Site "Tegernsee"]
[Date "2018.11.03"]
[Round "8"]
[White "Hallmann, Norbert"]
[Black "Lipok, Christoph"]
[Result "0-1"]
[WhiteElo "2088"]
[BlackElo "2271"]
[PlyCount "124"]
[EventDate "2018.10.27"]
[EventType "swiss"]
[EventRounds "9"]
[EventCountry "GER"]
[SourceTitle "CBM 187 Extra"]
[Source "ChessBase"]
[SourceDate "2018.11.04"]
[SourceVersion "1"]
[SourceVersionDate "2018.11.04"]
[SourceQuality "1"]

1. e4 e5 2. Nf3 Nc6 3. Bb5 a6 4. Ba4 Nf6 5. 0-0 Be7 6. Re1 b5 7. Bb3 d6 8. h3 0-0 9. c3 Nb8 10. d4 Nbd7 11. Bc2 Bb7 12. Nh2 Re8 13. g4 d5 14. f3 dxe4 15. fxe4 Nf8 16. g5 N6d7 17. h4 exd4 18. cxd4 c5 19. d5 Bd6 20. Nd2 Qc7 21. Ng4 Ng6 22. Nf3 Nde5 23. Nfxe5 Bxe5 24. Nxe5 Qxe5 25. Re3 Bc8 26. Qe1 Nf4 27. Rb1 c4 28. Bd2 b4 29. Rf3 Nd3 30. Bxd3 cxd3 31. Rxd3 a5 32. Re3 Ra6 33. a3 h6 34. Re2 Bf5 35. Qf2 Bxe4 36. Rbe1 Qxd5 37. axb4 axb4 38. Qf4 hxg5 39. hxg5 Rae6 40. Rf1 f5 41. Qh4 Qd4+ 42. Be3 Qd3 43. Rfe1 Bf3 44. Rd2 Qb3 45. Rh2 Bg4 46. Qh7+ Kf7 47. Rd2 Rxe3 48. Rd7+ Ke6 49. Qg6+ Kxd7 50. Qxg7+ Kd6 51. Qd4+ Qd5 52. Qb6+ Qc6 53. Qd4+ Kc7 54. Qa7+ Kc8 55. Rxe3 Qc1+ 56. Kg2 Qd2+ 57. Kh1 Rh8+ 58. Kg1 Qh2+ 59. Kf1 Qh1+ 60. Kf2 Rh2+ 61. Kg3 Rg2+ 62. Kf4 Qh2+ 0-1

[Event "Bayern-chI Bank Hofmann 22nd"]
[Site "Tegernsee"]
[Date "2018.10.31"]
[Round "5"]
[White "Lipok, Christoph"]
[Black "Bellia, Fabrizio"]
[Result "0-1"]
[WhiteElo "2271"]
[BlackElo "2448"]
[PlyCount "98"]
[EventDate "2018.10.27"]
[EventType "swiss"]
[EventRounds "9"]
[EventCountry "GER"]
[SourceTitle "CBM 187 Extra"]
[Source "ChessBase"]
[SourceDate "2018.11.04"]
[SourceVersion "1"]
[SourceVersionDate "2018.11.04"]
[SourceQuality "1"]

1. d4 Nf6 2. c4 e6 3. Nc3 Bb4 4. Qc2 0-0 5. a3 Bxc3+ 6. Qxc3 d5 7. Nf3 dxc4 8. Qxc4 b6 9. Bg5 Ba6 10. Qa4 Qd7 11. Qxd7 Nbxd7 12. e3 Bxf1 13. Rxf1 Ne4 14. Bh4 c5 15. Rd1 Rfc8 16. Nd2 Nd6 17. dxc5 Nxc5 18. Bg3 Nf5 19. Nc4 Ne4 20. Nd2 Nexg3 21. hxg3 Rc2 22. b3 h5 23. Nc4 b5 24. Nd6 Nxd6 25. Rxd6 Rb2 26. Rd2 Rxb3 27. Ra2 Rc8 28. Ke2 a5 29. Rd1 Rcc3 30. Rd8+ Kh7 31. Rb8 a4 32. Kf3 Rc4 33. Rb7 Kg6 34. Rd2 Rc5 35. Ra2 Rf5+ 36. Ke4 Kf6 37. Rd7 Rc5 38. Rb7 g5 39. Kf3 g4+ 40. Ke2 Kg6 41. Rb6 Kg7 42. Rb7 e5 43. Rb6 e4 44. Rd6 Rcc3 45. Rb6 Rb1 46. Rb7 Rcb3 47. Re7 R3b2+ 48. Rxb2 Rxb2+ 49. Ke1 b4 0-1

[Event "Bayern-chI Bank Hofmann 22nd"]
[Site "Tegernsee"]
[Date "2018.10.29"]
[Round "3"]
[White "Lipok, Christoph"]
[Black "Walter, Thomas"]
[Result "1-0"]
[WhiteElo "2271"]
[BlackElo "2084"]
[PlyCount "51"]
[EventDate "2018.10.27"]
[EventType "swiss"]
[EventRounds "9"]
[EventCountry "GER"]
[SourceTitle "CBM 187 Extra"]
[Source "ChessBase"]
[SourceDate "2018.11.04"]
[SourceVersion "1"]
[SourceVersionDate "2018.11.04"]
[SourceQuality "1"]

1. d4 Nf6 2. c4 c5 3. d5 e6 4. Nc3 exd5 5. cxd5 d6 6. g3 g6 7. Bg2 Bg7 8. Nf3 0-0 9. 0-0 Bg4 10. Nd2 Re8 11. h3 Bf5 12. e4 Bd7 13. Nc4 Bf8 14. a4 Na6 15. Bf4 Nh5 16. Bxd6 Bxh3 17. Bxf8 Bxg2 18. Kxg2 Kxf8 19. Qd2 Nb4 20. Rad1 Qf6 21. Rfe1 Rad8 22. e5 Qf5 23. Nd6 Rxd6 24. exd6 Rxe1 25. Rxe1 Nc2 26. Qxc2 1-0

[Event "Bayern-chI Bank Hofmann 22nd"]
[Site "Tegernsee"]
[Date "2018.10.28"]
[Round "2"]
[White "Kovalenko, Igor"]
[Black "Lipok, Christoph"]
[Result "1-0"]
[WhiteElo "2646"]
[BlackElo "2271"]
[PlyCount "69"]
[EventDate "2018.10.27"]
[EventType "swiss"]
[EventRounds "9"]
[EventCountry "GER"]
[SourceTitle "CBM 187 Extra"]
[Source "ChessBase"]
[SourceDate "2018.11.04"]
[SourceVersion "1"]
[SourceVersionDate "2018.11.04"]
[SourceQuality "1"]

1. d4 d5 2. Nf3 Nf6 3. c4 e6 4. Nc3 Be7 5. Bg5 h6 6. Bxf6 Bxf6 7. e3 0-0 8. Rc1 c6 9. h3 a6 10. Bd3 dxc4 11. Bxc4 Nd7 12. Ne4 c5 13. Nxf6+ Qxf6 14. 0-0 Rd8 15. Be2 b6 16. b4 Bb7 17. a3 Rac8 18. bxc5 Nxc5 19. Ne5 Ne4 20. Bh5 g6 21. Bf3 Qe7 22. Qd3 Nc5 23. Qe2 Na4 24. Bc6 b5 25. Qf3 Bxc6 26. Nxc6 Qxa3 27. Nxd8 Rxd8 28. Qb7 Nc3 29. Ra1 Qb2 30. Rxa6 Rf8 31. Rfa1 Kg7 32. Qf3 b4 33. Ra8 Rxa8 34. Rxa8 Nb5 35. Qf4 1-0

[Event "BL2-Ost 1718"]
[Site "Germany"]
[Date "2017.10.22"]
[Round "2.8"]
[White "Hess, Max"]
[Black "Lipok, Christoph"]
[Result "1/2-1/2"]
[WhiteElo "2271"]
[BlackElo "2251"]
[PlyCount "103"]
[EventDate "2017.10.21"]
[EventType "team-tourn"]
[EventRounds "10"]
[EventCountry "GER"]
[SourceTitle "CBM 183 Extra"]
[Source "ChessBase"]
[SourceDate "2018.04.19"]
[SourceVersion "1"]
[SourceVersionDate "2018.04.19"]
[SourceQuality "1"]
[WhiteTeam "Garching"]
[BlackTeam "Augsburg"]
[WhiteTeamCountry "GER"]
[BlackTeamCountry "GER"]

1. e4 e6 2. Qe2 Be7 3. Nf3 d5 4. d3 Nf6 5. g3 0-0 6. Bg2 c5 7. 0-0 Nc6 8. e5 Nd7 9. c4 dxc4 10. dxc4 Qc7 11. Re1 Nd4 12. Nxd4 cxd4 13. b3 Rd8 14. Bb2 Bb4 15. Nd2 Nxe5 16. Qxe5 Qxe5 17. Rxe5 Bxd2 18. Rd1 f6 19. Re4 Ba5 20. Rexd4 Rxd4 21. Bxd4 Kf7 22. c5 a6 23. a3 e5 24. Be3 Bg4 25. Bd5+ Ke7 26. f3 Be6 27. Bxb7 Bxb3 28. Rb1 Ba2 29. Rc1 Rb8 30. c6 Bc7 31. Bc5+ Ke6 32. Bxa6 Bd5 33. Bc4 Bxc4 34. Rxc4 Kd5 35. Rc2 Rc8 36. Kf1 Ba5 37. Be3 Rxc6 38. Rxc6 Kxc6 39. Ke2 Kb5 40. Kd3 f5 41. Bc1 Bc7 42. Bb2 g6 43. Ba1 h5 44. h3 Kc5 45. g4 hxg4 46. hxg4 Kb5 47. Bc3 Bd6 48. a4+ Kxa4 49. Kc4 e4 50. fxe4 fxg4 51. e5 Bxe5 52. Bxe5 1/2-1/2

[Event "Vienna op-A"]
[Site "Vienna"]
[Date "2016.08.20"]
[Round "6"]
[White "Lipok, Christoph"]
[Black "Fauland, Alexander"]
[Result "0-1"]
[WhiteElo "2240"]
[BlackElo "2431"]
[PlyCount "94"]
[EventDate "2016.08.16"]
[EventType "swiss"]
[EventRounds "9"]
[EventCountry "AUT"]
[SourceTitle "CBM 173 Extra"]
[Source "ChessBase"]
[SourceDate "2016.08.29"]
[SourceVersion "1"]
[SourceVersionDate "2016.08.29"]
[SourceQuality "1"]

1. d4 Nf6 2. c4 e6 3. Nc3 Bb4 4. Qc2 0-0 5. a3 Bxc3+ 6. Qxc3 b6 7. Bg5 Bb7 8. e3 d6 9. Ne2 Nbd7 10. Qc2 h6 11. Bh4 Qe7 12. Nc3 Rfc8 13. Rd1 d5 14. cxd5 exd5 15. Be2 Qe6 16. 0-0 Ne4 17. Nxe4 dxe4 18. Bb5 Bd5 19. Ba6 Bb3 20. d5 Bxd5 21. Bxc8 Rxc8 22. Qc3 c6 23. Bg3 Re8 24. b4 Nf6 25. Rd2 g5 26. Rfd1 Kh7 27. a4 a6 28. a5 b5 29. Qc5 h5 30. h3 h4 31. Bh2 g4 32. Qd6 g3 33. Bxg3 hxg3 34. Qxg3 Qf5 35. Qh4+ Kg7 36. g4 Qe6 37. Qg5+ Kh7 38. Qh4+ Kg7 39. Qg5+ Kh7 40. Qh4+ Kg6 41. g5 Nh5 42. Kh1 Rh8 43. Kh2 Qe5+ 44. Kh1 Rh7 45. Qg4 Ng7 46. f4 exf3 47. e4 Bxe4 0-1

[Event "Bayern-chI Bank Hofmann 19th"]
[Site "Bad Wiessee"]
[Date "2015.11.06"]
[Round "7"]
[White "Lipok, Christoph"]
[Black "Nisipeanu, Liviu Dieter"]
[Result "1/2-1/2"]
[WhiteElo "2258"]
[BlackElo "2678"]
[PlyCount "144"]
[EventDate "2015.10.31"]
[EventType "swiss"]
[EventRounds "9"]
[EventCountry "GER"]
[SourceTitle "CBM 169 Extra"]
[Source "ChessBase"]
[SourceDate "2015.12.18"]
[SourceVersion "1"]
[SourceVersionDate "2015.12.18"]
[SourceQuality "1"]

1. d4 Nf6 2. c4 e6 3. Nc3 Bb4 4. Qc2 0-0 5. Nf3 d6 6. Bd2 c5 7. dxc5 dxc5 8. a3 Bxc3 9. Bxc3 Nc6 10. Rd1 Qe7 11. Ne5 Nd4 12. Bxd4 cxd4 13. Rxd4 Qc5 14. Nf3 e5 15. b4 Qe7 16. Rd1 e4 17. Nd4 e3 18. f3 a5 19. Qc3 axb4 20. axb4 Bd7 21. Rd3 Rfc8 22. Rxe3 Rxc4 23. Rxe7 Rxc3 24. Kf2 Rc4 25. e3 Rxb4 26. Re5 Rb1 27. Rg1 Raa1 28. Rc5 Kf8 29. Nc2 Rb2 30. Be2 Rxg1 31. Kxg1 Ke7 32. Nd4 Kd6 33. Rc1 Nd5 34. Kf2 b5 35. g3 b4 36. e4 Ke5 37. Rc5 Be6 38. Nxe6 fxe6 39. exd5 exd5 40. Ke3 Kd6 41. Rc1 d4+ 42. Kd3 Kd5 43. h4 g6 44. Rc7 Ra2 45. Rd7+ Kc5 46. Rc7+ Kd5 47. Rxh7 Ra3+ 48. Kd2 Ra2+ 49. Kd3 Ra3+ 50. Kd2 Ra2+ 51. Ke1 Ra1+ 52. Kf2 Ra2 53. Rb7 Rb2 54. Rb8 Kc6 55. Ke1 Kc7 56. Rb5 Kc6 57. Rg5 b3 58. Bd3 Rg2 59. Bxg6 b2 60. Be4+ Kb6 61. Rd5 Rxg3 62. Rxd4 Rxf3 63. Rb4+ Kc5 64. Bxf3 Kxb4 65. Be4 Kc5 66. h5 Kd4 67. Bb1 Ke5 68. h6 Kf6 69. Kd2 Kf7 70. Bh7 Kf6 71. Kc2 Kg5 72. Kxb2 Kxh6 1/2-1/2

[Event "Bad Woerishofen op 31st"]
[Site "Bad Woerishofen"]
[Date "2015.03.04"]
[Round "7"]
[White "Estremera Panos, Sergio"]
[Black "Lipok, Christoph"]
[Result "1-0"]
[WhiteElo "2373"]
[BlackElo "2161"]
[PlyCount "73"]
[EventDate "2015.02.27"]
[EventType "swiss"]
[EventRounds "9"]
[EventCountry "GER"]
[SourceTitle "CBM 165 Extra"]
[Source "ChessBase"]
[SourceDate "2015.04.21"]
[SourceVersion "1"]
[SourceVersionDate "2015.04.21"]
[SourceQuality "1"]

1. Nf3 d5 2. c4 c6 3. e3 Nf6 4. Nc3 a6 5. Qc2 g6 6. b3 Bg7 7. Bb2 0-0 8. Be2 b5 9. d4 Bf5 10. Bd3 Bxd3 11. Qxd3 bxc4 12. bxc4 Qa5 13. 0-0 Nbd7 14. Nd2 Rab8 15. Nb3 Qb4 16. cxd5 cxd5 17. Qxa6 Qc4 18. Qa3 Ra8 19. Qxe7 Ra6 20. Nd2 Qc6 21. a4 Rb8 22. Qa3 Bf8 23. Qa2 Bb4 24. Rfc1 Qe6 25. Nf3 Nb6 26. Ne5 Bxc3 27. Bxc3 Nxa4 28. Be1 Ne4 29. Qc2 f6 30. Rxa4 Rxa4 31. Qxa4 fxe5 32. dxe5 Qxe5 33. Qd7 Nf6 34. Rc8+ Rxc8 35. Qxc8+ Kf7 36. Bc3 Qe7 37. Qc6 1-0

[Event "Bayern-chI Bank Hofmann 18th"]
[Site "Bad Wiessee"]
[Date "2014.10.30"]
[Round "7"]
[White "Lipok, Christoph"]
[Black "Sandipan, Chanda"]
[Result "0-1"]
[WhiteElo "2158"]
[BlackElo "2603"]
[PlyCount "120"]
[EventDate "2014.10.25"]
[EventType "swiss"]
[EventRounds "9"]
[EventCountry "GER"]
[SourceTitle "EXT 2015"]
[Source "ChessBase"]
[SourceDate "2014.11.20"]
[SourceVersion "1"]
[SourceVersionDate "2014.11.20"]
[SourceQuality "1"]

1. d4 e6 2. c4 b6 3. a3 Bb7 4. Nc3 f5 5. d5 Nf6 6. g3 Bd6 7. Bg2 0-0 8. Nh3 Na6 9. 0-0 Nc5 10. b4 Nce4 11. Nxe4 Nxe4 12. Bxe4 fxe4 13. Bb2 exd5 14. cxd5 Rf5 15. Qd4 Qe7 16. Nf4 Qf7 17. f3 exf3 18. Rxf3 Be5 19. Qd2 Bxb2 20. Qxb2 Bxd5 21. Nxd5 Rxf3 22. exf3 Qxd5 23. Re1 Qxf3 24. Re7 Qd1+ 25. Kg2 Qd5+ 26. Kg1 Qg5 27. Rxd7 Rf8 28. Qc3 Qg6 29. Rxc7 h6 30. Rc8 Qb1+ 31. Qc1 Qxc1+ 32. Rxc1 Rf3 33. Rc8+ Kh7 34. a4 Ra3 35. a5 bxa5 36. bxa5 Rxa5 37. Kg2 Ra2+ 38. Kh3 h5 39. Rc6 a5 40. Ra6 g5 41. Rb6 a4 42. Ra6 Kg7 43. Ra7+ Kf6 44. Ra6+ Kf7 45. Ra5 Kf6 46. Ra6+ Ke5 47. Ra5+ Kd4 48. Rxg5 a3 49. Rxh5 Rd2 50. Ra5 a2 51. g4 Kc3 52. g5 Kb4 53. Rxa2 Rxa2 54. Kg4 Kc5 55. Kf5 Kd6 56. Kf6 Rxh2 57. g6 Rf2+ 58. Kg7 Ke7 59. Kg8 Kf6 60. g7 Kg6 0-1

[Event "Augsburg Gutmann Memorial 4th"]
[Site "Augsburg"]
[Date "2014.01.03"]
[Round "8"]
[White "Lipok, Christoph"]
[Black "Kukov, Velislav"]
[Result "1/2-1/2"]
[WhiteElo "2193"]
[BlackElo "2413"]
[PlyCount "28"]
[EventDate "2013.12.27"]
[EventType "tourn"]
[EventRounds "9"]
[EventCountry "GER"]
[EventCategory "7"]
[SourceTitle "EXT 2015"]
[Source "ChessBase"]
[SourceDate "2014.11.20"]
[SourceVersion "1"]
[SourceVersionDate "2014.11.20"]
[SourceQuality "1"]

1. d4 d5 2. c4 Nc6 3. Nc3 dxc4 4. d5 Ne5 5. Nf3 Nxf3+ 6. exf3 e5 7. Bxc4 Bd6 8. 0-0 Ne7 9. Ne4 0-0 10. Bd2 Ng6 11. Re1 h6 12. Rc1 a6 13. a4 f5 14. Ng3 Nh4 1/2-1/2

[Event "Augsburg Gutmann Memorial 4th"]
[Site "Augsburg"]
[Date "2013.12.31"]
[Round "5"]
[White "Lipok, Christoph"]
[Black "Geske, Julian"]
[Result "0-1"]
[WhiteElo "2193"]
[BlackElo "2402"]
[PlyCount "120"]
[EventDate "2013.12.27"]
[EventType "tourn"]
[EventRounds "9"]
[EventCountry "GER"]
[EventCategory "7"]
[SourceTitle "EXT 2015"]
[Source "ChessBase"]
[SourceDate "2014.11.20"]
[SourceVersion "1"]
[SourceVersionDate "2014.11.20"]
[SourceQuality "1"]

1. d4 d5 2. c4 dxc4 3. Nf3 c6 4. e3 b5 5. a4 e6 6. b3 Bb4+ 7. Bd2 Bxd2+ 8. Qxd2 a5 9. bxc4 b4 10. Bd3 Nf6 11. Qc2 c5 12. Nbd2 0-0 13. 0-0 Bb7 14. e4 cxd4 15. e5 Nfd7 16. Bxh7+ Kh8 17. Be4 Nc6 18. Nb3 Rb8 19. Qd3 g6 20. Bxc6 Bxc6 21. Nbxd4 Ba8 22. Rad1 Qb6 23. Nb5 Rfd8 24. Nd6 Kg8 25. Rfe1 Bxf3 26. gxf3 b3 27. Qe4 Nc5 28. Qf4 Rd7 29. Ne4 Nxe4 30. Qxe4 Rxd1 31. Rxd1 b2 32. Rb1 Qb3 33. c5 Qc3 34. Qe3 Qc2 35. Qe1 Qxc5 36. f4 Qb4 37. Qxb4 Rxb4 38. Kg2 Kg7 39. Kf3 Kh6 40. Kg3 Kh5 41. h4 Rb3+ 42. f3 Rb4 43. Kh3 Kh6 44. Kg4 Rb3 45. Kg3 Rb7 46. Kf2 Kg7 47. Kg3 f6 48. Kg4 fxe5 49. fxe5 Kh6 50. Kf4 Kh5 51. Ke3 Kxh4 52. f4 Kg3 53. Rg1+ Kh2 54. Rb1 Kg2 55. Kd4 Kf3 56. Kc5 Kxf4 57. Kd6 Kf5 58. Rf1+ Ke4 59. Rb1 Rb6+ 60. Kc5 Rb4 0-1

[Event "Augsburg Gutmann Memorial 4th"]
[Site "Augsburg"]
[Date "2013.12.27"]
[Round "1"]
[White "Lipok, Christoph"]
[Black "Arnaudov, Petar G"]
[Result "0-1"]
[WhiteElo "2193"]
[BlackElo "2442"]
[PlyCount "76"]
[EventDate "2013.12.27"]
[EventType "tourn"]
[EventRounds "9"]
[EventCountry "GER"]
[EventCategory "7"]
[SourceTitle "EXT 2015"]
[Source "ChessBase"]
[SourceDate "2014.11.20"]
[SourceVersion "1"]
[SourceVersionDate "2014.11.20"]
[SourceQuality "1"]

1. d4 Nf6 2. c4 e6 3. Nc3 Bb4 4. Qc2 0-0 5. a3 Bxc3+ 6. Qxc3 b5 7. cxb5 c6 8. Bg5 cxb5 9. e3 Bb7 10. Nf3 h6 11. Bh4 g5 12. Bg3 Ne4 13. Qd3 a6 14. Nd2 f5 15. Nxe4 Bxe4 16. Qd2 Nc6 17. Bd6 Na5 18. Qd1 Rf7 19. Bd3 Bxd3 20. Qxd3 Nc4 21. Bb4 Nxb2 22. Qe2 Nc4 23. e4 a5 24. Bc3 d5 25. exf5 exf5 26. 0-0 Qd6 27. Qh5 Raf8 28. Rae1 Kg7 29. h4 g4 30. f3 Qxa3 31. fxg4 Qxc3 32. gxf5 Qxd4+ 33. Kh1 Rf6 34. Rf3 Ne5 35. Rg3+ Kh7 36. Rxe5 Qxe5 37. Rg6 Qf4 38. g3 Rxf5 0-1

[Event "Landesliga Sued 1314"]
[Site "Bayern"]
[Date "2013.12.15"]
[Round "4.5"]
[White "Gruettner, Ralf"]
[Black "Lipok, Christoph"]
[Result "1-0"]
[WhiteElo "2083"]
[BlackElo "2157"]
[PlyCount "101"]
[EventDate "2013.10.13"]
[EventType "team-tourn"]
[EventRounds "9"]
[EventCountry "GER"]
[SourceTitle "EXT 2015"]
[Source "ChessBase"]
[SourceDate "2014.11.20"]
[SourceVersion "1"]
[SourceVersionDate "2014.11.20"]
[SourceQuality "1"]
[WhiteTeam "Freising"]
[BlackTeam "Goeggingen"]
[WhiteTeamCountry "GER"]
[BlackTeamCountry "GER"]

1. e4 e6 2. d4 d5 3. Nd2 Be7 4. Ngf3 Nf6 5. e5 Nfd7 6. Bd3 c5 7. c3 b6 8. 0-0 Ba6 9. Bxa6 Nxa6 10. Qa4 Nc7 11. dxc5 bxc5 12. Nb3 0-0 13. Na5 Nb6 14. Qg4 Qd7 15. Bh6 Ne8 16. b4 Rc8 17. a3 cxb4 18. cxb4 Nc4 19. Nb3 Kh8 20. Bf4 Qa4 21. Nbd4 Nxa3 22. Bc1 Bxb4 23. Ng5 Be7 24. Bxa3 Bxa3 25. Qh5 h6 26. Nxf7+ Kg8 27. Nxh6+ gxh6 28. Qg6+ Ng7 29. Nxe6 Qd7 30. Nxg7 Qxg7 31. Qxg7+ Kxg7 32. Rxa3 Rf7 33. f4 Rc2 34. g3 Rb7 35. Rf2 Rc1+ 36. Kg2 d4 37. Rd3 Rc4 38. Rfd2 Rbb4 39. Kf3 a5 40. Ke4 a4 41. Rxd4 a3 42. Rxc4 Rxc4+ 43. Kd3 Ra4 44. Ra2 h5 45. h4 Kg6 46. Kc3 Kf5 47. Kb3 Re4 48. Rxa3 Kg4 49. Kc2 Re1 50. Kd2 Re4 51. Re3 1-0

[Event "Augsburg Ibis 9th"]
[Site "Augsburg"]
[Date "2013.01.06"]
[Round "11"]
[White "Lipok, Christoph"]
[Black "MacQueen, Calum"]
[Result "0-1"]
[WhiteElo "2210"]
[BlackElo "2217"]
[PlyCount "106"]
[EventDate "2012.12.27"]
[EventType "tourn"]
[EventRounds "11"]
[EventCountry "GER"]
[EventCategory "2"]
[SourceTitle "CBM 152 Extra"]
[Source "ChessBase"]
[SourceDate "2013.02.25"]
[SourceVersion "1"]
[SourceVersionDate "2013.02.25"]
[SourceQuality "1"]

1. d4 Nf6 2. c4 g6 3. Nc3 Bg7 4. e4 0-0 5. Nf3 d6 6. Be2 e5 7. 0-0 Nc6 8. d5 Ne7 9. Ne1 Ne8 10. Be3 f5 11. f3 c5 12. dxc6 Nxc6 13. Nc2 Be6 14. b4 Rc8 15. Rc1 Nc7 16. b5 Na5 17. Nd5 Nxd5 18. cxd5 Bd7 19. Nb4 fxe4 20. fxe4 Qh4 21. Rxf8+ Bxf8 22. Rxc8 Bxc8 23. Bf3 Nc4 24. Bxa7 b6 25. Qe2 Bh6 26. g3 Qg5 27. Qxc4 Qe3+ 28. Kg2 Qd2+ 29. Qe2 Qxb4 30. Bxb6 Bd7 31. Bc7 Bxb5 32. Bxd6 Qb1 33. Qd1 Qxa2+ 34. Kh3 Qf2 35. Qb3 Qf1+ 36. Bg2 Bd7+ 37. g4 Bxg4+ 38. Kxg4 Qxg2+ 39. Qg3 Qxe4+ 40. Kh3 Qf5+ 41. Qg4 Qf1+ 42. Qg2 Qf6 43. Bc5 Bf4 44. Qg4 Qa6 45. Qd7 Qf1+ 46. Kh4 Qe1+ 47. Kh3 Qc3+ 48. Kg2 Qxc5 49. Qe6+ Kg7 50. Qd7+ Kf8 51. Qd8+ Kf7 52. d6 Qc2+ 53. Kf3 Qd3+ 0-1

[Event "Augsburg Ibis 9th"]
[Site "Augsburg"]
[Date "2013.01.05"]
[Round "10"]
[White "De Francesco, Klaus"]
[Black "Lipok, Christoph"]
[Result "1/2-1/2"]
[WhiteElo "2246"]
[BlackElo "2210"]
[PlyCount "74"]
[EventDate "2012.12.27"]
[EventType "tourn"]
[EventRounds "11"]
[EventCountry "GER"]
[EventCategory "2"]
[SourceTitle "CBM 152 Extra"]
[Source "ChessBase"]
[SourceDate "2013.02.25"]
[SourceVersion "1"]
[SourceVersionDate "2013.02.25"]
[SourceQuality "1"]

1. d4 Nf6 2. Nf3 g6 3. e3 Bg7 4. b4 d5 5. c4 0-0 6. Bb2 c6 7. Nbd2 Bg4 8. Be2 Nbd7 9. 0-0 Qb6 10. a3 e6 11. h3 Bxf3 12. Nxf3 Ne4 13. Qc2 Qd8 14. Bd3 f5 15. a4 g5 16. Ne5 Nxe5 17. dxe5 Qb8 18. f4 Qe8 19. b5 Kh8 20. a5 gxf4 21. exf4 Rg8 22. a6 Bf8 23. Bxe4 Bc5+ 24. Kh1 dxe4 25. Ba3 Bxa3 26. Rxa3 b6 27. c5 cxb5 28. cxb6 b4 29. Raa1 axb6 30. Qb3 Qg6 31. Rg1 Qh6 32. a7 Rg7 33. Qxb4 Rgxa7 34. Rxa7 Rxa7 35. Qxb6 Rg7 36. Rd1 Rg8 37. Rd8 Qg6 1/2-1/2

[Event "Augsburg Ibis 9th"]
[Site "Augsburg"]
[Date "2013.01.03"]
[Round "8"]
[White "Lipok, Christoph"]
[Black "Hausner, Ivan"]
[Result "0-1"]
[WhiteElo "2210"]
[BlackElo "2413"]
[PlyCount "104"]
[EventDate "2012.12.27"]
[EventType "tourn"]
[EventRounds "11"]
[EventCountry "GER"]
[EventCategory "2"]
[SourceTitle "CBM 152 Extra"]
[Source "ChessBase"]
[SourceDate "2013.02.25"]
[SourceVersion "1"]
[SourceVersionDate "2013.02.25"]
[SourceQuality "1"]

1. d4 e6 2. e4 d5 3. exd5 exd5 4. Nf3 Bd6 5. Bd3 Ne7 6. 0-0 0-0 7. Bg5 f6 8. Bh4 c6 9. c3 Bf5 10. Bg3 Re8 11. Re1 Bxd3 12. Qxd3 Na6 13. Nbd2 Nc7 14. Re3 Qd7 15. Bxd6 Qxd6 16. Rae1 Qd7 17. Nf1 Nf5 18. Rxe8+ Rxe8 19. Rxe8+ Nxe8 20. Qe2 Ned6 21. N3d2 g6 22. f3 Kf7 23. Kf2 Qc7 24. Nb3 b6 25. g4 Ng7 26. Nc1 Ne6 27. Nd3 c5 28. dxc5 bxc5 29. Ne3 Nc4 30. Kg1 Nb6 31. Ng2 c4 32. Nf2 Qe5 33. Qe3 d4 34. cxd4 Nxd4 35. f4 Ne2+ 36. Kf1 Qxe3 37. Nxe3 Nxf4 38. Ne4 Ke6 39. Nd2 Nd3 40. Ndxc4 Nxc4 41. Nxc4 Kd5 42. Ne3+ Ke4 43. Nd1 Kf3 44. a4 a5 45. h3 h6 46. h4 g5 47. h5 Nc5 48. b4 axb4 49. a5 Kxg4 50. Ke2 f5 51. Ne3+ Kxh5 52. Nxf5 g4 0-1

[Event "Bayern-chI Bank Hofmann 16th"]
[Site "Bad Wiessee"]
[Date "2012.11.03"]
[Round "8"]
[White "Lipok, Christoph"]
[Black "Foerster, Soeren"]
[Result "0-1"]
[WhiteElo "2221"]
[BlackElo "2070"]
[PlyCount "102"]
[EventDate "2012.10.27"]
[EventType "swiss"]
[EventRounds "9"]
[EventCountry "GER"]
[SourceTitle "EXT 2013"]
[Source "ChessBase"]
[SourceDate "2012.11.22"]
[SourceVersion "1"]
[SourceVersionDate "2012.11.22"]
[SourceQuality "1"]

1. d4 d5 2. c4 c6 3. Nf3 Nf6 4. e3 Bf5 5. Nc3 e6 6. Nh4 Be4 7. f3 Bg6 8. Nxg6 hxg6 9. Qb3 Qc7 10. g3 Be7 11. Bd2 a6 12. Rc1 dxc4 13. Qxc4 Nbd7 14. f4 b5 15. Qe2 Qa7 16. Bg2 Rc8 17. 0-0 c5 18. d5 exd5 19. Nxd5 Nxd5 20. Bxd5 Bf6 21. Be1 0-0 22. Bf2 Nb6 23. Bg2 Na4 24. Rc2 Rcd8 25. Rfc1 c4 26. b3 Nb6 27. e4 Bd4 28. Kh1 Qe7 29. Rd2 Bxf2 30. Qxf2 Qa3 31. Rcd1 Rxd2 32. Rxd2 c3 33. Rc2 Qa5 34. Qc5 Rc8 35. Qe5 Qb4 36. Bh3 Rc5 37. Qe8+ Kh7 38. f5 Qd4 39. Bg4 Re5 40. Qxf7 Qxe4+ 41. Kg1 Qxg4 42. Qxg6+ Qxg6 43. fxg6+ Kxg6 44. Rxc3 Re6 45. Kf2 Kf5 46. g4+ Ke4 47. Kg3 Nd5 48. Rf3 Rf6 49. Rxf6 Nxf6 50. h4 b4 51. h5 Nh7 0-1